Vista normal
Vista MARC
Entrada Topical Term
Número de registros utilizados en: 1
001 - CONTROL NUMBER
- control field: 5049
003 - CONTROL NUMBER IDENTIFIER
- control field: OSt
005 - DATE AND TIME OF LATEST TRANSACTION
- control field: 20200605145636.0
008 - FIXED-LENGTH DATA ELEMENTS
- fixed length control field: 200605|| aca||aabn | a|a d
040 ## - CATALOGING SOURCE
- Original cataloging agency: OSt
- Transcribing agency: OSt
150 ## - HEADING--TOPICAL TERM
- Topical term or geographic name entry element: Teoría económica Economía
670 ## - SOURCE DATA FOUND
- Source citation: Work cat.: (OSt)5729: Simposio sobre Los desarrollos recientes de la teoría económica (1981 : Cali, Colombia) 5048, Nuevos desarrollos de la teoría económica /, 1982